| 000 | 01036nam0a22002771 4500 | ||
|---|---|---|---|
| 001 | rc\4424318 | ||
| 005 | 20160715155049.6 | ||
| 035 | _a(NLR Aleph) 008308094 | ||
| 090 |
_a8679340 _c8679340 |
||
| 100 | _a20130416d1966 e||y0rusy50 ca | ||
| 101 | 0 | _arus | |
| 102 | _aRU | ||
| 105 | _aa z ||||| | ||
| 200 | 1 |
_aОпыты с семенами и растениями _f[В.П. Замота] |
|
| 210 |
_aМосква _cМалыш _d1966 |
||
| 215 |
_a[2] с. на обл., 1 л. ил. _d23 |
||
| 225 | 1 |
_aДля умелых рук _v№ 1 (211) _iШкольная Тимирязевка _fЦентр. станция юных техников РСФСР _vвып. 3 |
|
| 300 | _aАвтор указан на 2-й с. обл. | ||
| 422 | 0 | _12001#$aЮный техник$v1966 | |
| 700 | 1 |
_aЗамота _bВ. П. _gВалентина Петровна |
|
| 801 | 0 |
_aRU _bNLR _c20130416 _gpsbo |
|
| 801 | 1 |
_aRU _bELAR _c20130416 _2rusmarc |
|
| 801 | 2 |
_aRU _bNLR _c20160715 _2rusmarc |
|
| 852 |
_aNLR _jП49/855 (№ 1 (211) |
||
| 942 | _cBOOK | ||
| 980 | _aNB | ||